000 00699nam a2200289Ia 4500
005 20260324115340.0
008 008 260324s9999 xx 000 0 eng d
020 _a9780429451362
037 _aEBOOK
040 _aCRL
040 _beng
040 _cCRL
041 _2eng
041 _aeng
084 _qCRL
100 _aBenjamin Botwe
_91154318
245 0 _aSediments in the Tema Harbour (Ghana)
245 0 _bChemical Pollution and Sedimentation Rates
260 _bTaylor and Francis
260 _c2018
365 _a
365 _b580
856 _uhttp://www.taylorfrancis.com/books/9780429451362
942 _cEBOOK
999 _c1745144
_d1745144